000 00483nam a2200145Ia 4500
003 OSt
005 20260202113534.0
008 211028s2019 xx 000 0 und d
040 _cAIMIT LIBRARY
041 _aeng
100 _aPrakash, Anjusha; Suresh, Rajani.
_g1716022
_98002
245 _aStudy on the work-family conflict family-work conflict and job satisfaction at Mathrubhumi printing and publishing Co. Ltd /
260 _aMangalore
_bDivya Pereira
_c2019
942 _2ddc
_cPRO
999 _c219570
_d219570